| 000 | 01348nam a22003977a 4500 | ||
|---|---|---|---|
| 001 | 374 | ||
| 003 | FISKH | ||
| 005 | 20250808143632.0 | ||
| 008 | 230330b cb ||||| |||| 00| 0 eng d | ||
| 010 | _a 2011283484 | ||
| 020 | _a9780545116169 | ||
| 035 | _a(OCoLC)ocn721422134 | ||
| 040 |
_aUPZ _beng _cUPZ _dBTCTA _dOCLCQ _dWIM _dEHH _dPNX _dFMG _dOCLCQ _dIUI _dBDX _dLF3 _dIGP _dDLC _dFISKH |
||
| 042 | _alccopycat | ||
| 050 | 0 | 0 |
_aPZ7.B447547 _bMe 2011 |
| 082 | 0 | 0 | _223 |
| 100 | 1 | _aBenton, Jim. | |
| 245 | 1 | 0 |
_aMe! : _b(Just like you, only better) / _cby Jamie Kelly [i.e. Jim Benton]. |
| 260 |
_aNew York : _bScholastic, _cc2011. |
||
| 300 |
_a144 p. : _bill. ; _c20 cm. |
||
| 490 | 1 |
_aDear dumb diary ; _v#12 |
|
| 500 | _a"Jim Benton's tales from Mackerel Middle School." | ||
| 505 | _aQ | ||
| 520 | _aJamie Kelly is back with an all-new diary involving Angeline, her "flawless" friend. | ||
| 521 | 0 |
_a940
_bLexile |
|
| 521 | 1 |
_aQ
_bRaz-Plus |
|
| 650 | 1 |
_aFriendship _vFiction. |
|
| 650 | 1 |
_aMiddle schools _vFiction. |
|
| 650 | 1 |
_aSchools _vFiction. |
|
| 650 | 1 |
_aDiaries _vFiction. |
|
| 650 | 1 | _aHumorous stories. | |
| 800 | 1 |
_aBenton, Jim. _tDear dumb diary ; _v#12. |
|
| 906 |
_a7 _bcbc _ccopycat _d2 _encip _f20 _gy-gencatlg |
||
| 942 |
_2ddc _cBK _n0 |
||
| 999 |
_c374 _d374 |
||